000 00659cam a22002413a 4500
001 32504
003 PGUSA
005 20140828083714.0
008 100524s2010||||xxu|||||s|||||000 1 eng d
040 _aPGUSA
_beng
042 _adc
050 4 _aPZ
245 1 0 _aAll About the Three Little Pigs
_h[electronic resource] /
_cAnonymous
260 _bProject Gutenberg,
_c2010
506 _aPublic domain in the USA.
516 _aElectronic text
653 _aSwine -- Juvenile fiction
700 1 _aKirby-Parrish, L.
700 1 _aHartley, Dick
830 0 _aProject Gutenberg
_v32504
856 4 0 _uhttp://www.gutenberg.org/ebooks/32504
942 _cEB
999 _c261759
_d261759